Gaudí y el gaudinismo /
Colección:
San Jorge,
; núm. 15 (juliol 1954), pàg 22-26
Otros Autores:
Català-Roca, Francesc, 1922-1998
Materias:
Gaudí, Antoni, -- 1852-1926
; Gaudí, Antoni, -- 1852-1926 -- Influència
; Modernisme (Arquitectura) -- Barcelona (Catalunya)
Idioma:
Español
MARC
| LEADER | 00000naa a2200000 a 4500 | ||
|---|---|---|---|
| 003 | Arxiu | ||
| 005 | 20260324181047.0 | ||
| 008 | 160829s1954 spcaxx s spa c | ||
| 040 | |a agdb | ||
| 100 | 1 | |a Bohigas, Oriol, |d 1925-2021 |9 1591 | |
| 245 | 1 | 0 | |a Gaudí y el gaudinismo / |c por Oriol Bohigas |
| 490 | |a San Jorge, |v núm. 15 (juliol 1954), pàg 22-26 | ||
| 500 | |a Fotografies Català Roca | ||
| 600 | 1 | 0 | |a Gaudí, Antoni, |d 1852-1926 |9 51678 |
| 600 | 1 | 0 | |a Gaudí, Antoni, |d 1852-1926 |x Influència |9 54935 |
| 650 | 0 | |a Modernisme (Arquitectura) |z Barcelona (Catalunya) |9 38366 | |
| 700 | 1 | |9 26722 |a Català-Roca, Francesc, |d 1922-1998 |e fotografies | |
| 773 | |g Núm. 15 (juliol 1954), pàg 22-26 |t San Jorge. | ||
| 901 | |a Arxiu | ||
| 942 | |n 1 |2 udc |c ART | ||
| 952 | |0 0 |1 0 |4 0 |6 REV509 |7 1 |9 64824 |a Arxiu |b Arxiu |d 2022-12-15 |l 0 |o Rev-509 |r 2022-12-15 00:00:00 |w 2022-12-15 |y ARXIU |z També disponible a Rev-523 | ||
| 999 | |c 52205 |d 52205 | ||